North Korea First Level Subdivisions - Statistics

General Stats
  • This quiz has been taken 180 times
  • The average score is 8 of 13
Answer Stats
Do % Correct
Pyongyang
95%
North Pyongan
70%
South Pyongan
70%
North Hwanghae
64%
South Hwanghae
64%
Rason
59%
Kangwon
56%
South Hamgyong
56%
North Hamgyong
54%
Ryanggang
52%
Kaesong
49%
Nampo
44%
Chagang
43%
No matching quizzes found
Score Distribution
Percent of People with Each Score
Percentile by Number Answered
Your Score History
You have not taken this quiz